00161nam a2200073Ia 4500008004100000020001800041100001800059245001000077230331s9999 xx 000 0 und d a9780798014588 aC VAN HEERDEN 0aNYONI